书目信息 |
| 题名: |
康雍乾时期城乡人民反抗斗争资料
|
|
| 作者: | ;中国人民大学清史研究所、档案系中国政治制度史教研史室合 编 | |
| 分册: | 上 | |
| 出版信息: | 北京 中华书局 1979 |
|
| 页数: | 517页 | |
| 开本: | 21cm | |
| 丛书名: | ||
| 单 册: | ||
| 中图分类: | K249.1 | |
| 科图分类: | ||
| 主题词: | 中国--历史 | |
| 电子资源: | ||
| ISBN: | ||
| 000 | 00800nam0 2200205 45 | |
| 001 | 0181010688 | |
| 005 | 20060926085606.90 | |
| 010 | @dCNY3.20 | |
| 091 | @a11018.758 | |
| 100 | @a20810111d1979 km y0chiy0120 ea | |
| 101 | 0 | @achi |
| 200 | 1 | @a康雍乾时期城乡人民反抗斗争资料@AKang Yong Qian Shi Qi Cheng Xiang Ren Min Fan Kang Dou Zheng Zi Liao@h上@f中国人民大学清史研究所、档案系中国政治制度史教研史室合编@FZhong Guo Ren Min Da Xue Qing Shi Yan Jiu Suo、Dang An Xi Zhong Guo Zheng Zhi Zhi Du Shi Jiao Yan Shi Shi He Bian |
| 210 | @a北京@c中华书局@d1979 | |
| 215 | @a517页@d21cm | |
| 300 | @a书后附清代前期年号与公元对照表 | |
| 606 | 0 | @a中国@x历史 |
| 690 | @aK249.1@v3 | |
| 711 | 02 | @a中国人民大学清史研究所、档案系中国政治制度史教研史室合@4编 |
| 801 | @aCN@bTSTC@c20060926 | |
| 905 | @dK249.1@e39:1 | |
| 康雍乾时期城乡人民反抗斗争资料.上/中国人民大学清史研究所、档案系中国政治制度史教研史室合编.-北京:中华书局,1979 |
| 517页;21cm |
| 书后附清代前期年号与公元对照表 |
| ISBN :CNY3.20 |
| ● |
| 相关链接 |
|
|
|
|
正题名:康雍乾时期城乡人民反抗斗争资料
索取号:K249.1/39:1
 
预约/预借
| 序号 | 登录号 | 条形码 | 馆藏地/架位号 | 状态 | 备注 |
| 1 | 0027330 | 001809396 | 密集书库/ [索取号:K249.1/39:1] | 在馆 | |
| 2 | 0422434 | 204224348 | 密集书库/ [索取号:K249.1/39:1] | 在馆 | |
| 3 | 0422435 | 204224357 | 密集书库/ [索取号:K249.1/39:1] | 在馆 |